Fortress besieged = (Record no. 523552)
[ view plain ]
| 000 -LEADER | |
|---|---|
| fixed length control field | 01269cam a22003614a 4500 |
| 001 - CONTROL NUMBER | |
| control field | 13295318 |
| 003 - CONTROL NUMBER IDENTIFIER | |
| control field | NUST |
| 005 - DATE AND TIME OF LATEST TRANSACTION | |
| control field | 20190426133904.0 |
| 008 - FIXED-LENGTH DATA ELEMENTS--GENERAL INFORMATION | |
| fixed length control field | 030730s2004 nyua 000 0 eng |
| 010 ## - LIBRARY OF CONGRESS CONTROL NUMBER | |
| LC control number | 2003017221 |
| 020 ## - INTERNATIONAL STANDARD BOOK NUMBER | |
| International Standard Book Number | 0811215520 |
| 038 ## - RECORD CONTENT LICENSOR | |
| Staff Name | 0 |
| 040 ## - CATALOGING SOURCE | |
| Original cataloging agency | DLC |
| Transcribing agency | DLC |
| Modifying agency | DLC |
| 041 1# - LANGUAGE CODE | |
| Language code of text/sound track or separate title | eng |
| Language code of original | chi |
| 042 ## - AUTHENTICATION CODE | |
| Authentication code | pcc |
| 050 00 - LIBRARY OF CONGRESS CALL NUMBER | |
| Classification number | PL2749.C8 |
| Item number | W413 2004 |
| 082 00 - DEWEY DECIMAL CLASSIFICATION NUMBER | |
| Classification number | 895.1/352 |
| Edition number | 22 |
| 100 1# - MAIN ENTRY--PERSONAL NAME | |
| Personal name | Qian, Zhongshu, |
| Dates associated with a name | 1910-1998. |
| 9 (RLIN) | 14180 |
| 240 10 - UNIFORM TITLE | |
| Uniform title | Wei cheng. |
| Language of a work | English |
| 245 10 - TITLE STATEMENT | |
| Title | Fortress besieged = |
| Remainder of title | [Wei cheng] / |
| Statement of responsibility, etc. | By Qian Zhongshu ; translated by Jeanne Kelly and Nathan K. Mao, with a foreword by Jonathan Spence. |
| 246 31 - VARYING FORM OF TITLE | |
| Title proper/short title | Wei cheng |
| 260 ## - PUBLICATION, DISTRIBUTION, ETC. | |
| Place of publication, distribution, etc. | New York : |
| Name of publisher, distributor, etc. | New Directions, |
| Date of publication, distribution, etc. | 2004. |
| 300 ## - PHYSICAL DESCRIPTION | |
| Extent | xiii, 395 p. : |
| Other physical details | ill. ; |
| Dimensions | 23 cm. |
| 490 1# - SERIES STATEMENT | |
| Series statement | A New Directions Classic |
| 500 ## - GENERAL NOTE | |
| General note | Parallel title in Chinese characters. |
| 700 1# - ADDED ENTRY--PERSONAL NAME | |
| Personal name | Kelly, Jeanne. |
| 9 (RLIN) | 14181 |
| 700 1# - ADDED ENTRY--PERSONAL NAME | |
| Personal name | Mao, Nathan K. |
| 9 (RLIN) | 14182 |
| 830 #0 - SERIES ADDED ENTRY--UNIFORM TITLE | |
| Uniform title | New Directions classics. |
| 9 (RLIN) | 14183 |
| 856 41 - ELECTRONIC LOCATION AND ACCESS | |
| Materials specified | Table of contents |
| Uniform Resource Identifier | <a href="http://www.loc.gov/catdir/toc/ecip047/2003017221.html">http://www.loc.gov/catdir/toc/ecip047/2003017221.html</a> |
| 906 ## - LOCAL DATA ELEMENT F, LDF (RLIN) | |
| a | 7 |
| b | cbc |
| c | orignew |
| d | 1 |
| e | ecip |
| f | 20 |
| g | y-gencatlg |
| 942 ## - ADDED ENTRY ELEMENTS (KOHA) | |
| Source of classification or shelving scheme | |
| Koha item type | Book |
| Withdrawn status | Lost status | Source of classification or shelving scheme | Damaged status | Not for loan | Permanent Location | Current Location | Shelving location | Date acquired | Total Checkouts | Full call number | Barcode | Date last seen | Date last checked out | Price effective from | Koha item type |
|---|---|---|---|---|---|---|---|---|---|---|---|---|---|---|---|
| Central Library (CL) | Central Library (CL) | Chinese Studies | 04/26/2019 | 1 | 895.1/352 ZHO | CL-30 | 09/22/2022 | 08/24/2022 | 04/26/2019 | Book |
